000 01002nam0a22002411 4500
001 rc\3980013
005 20130415122040.5
035 _a(NLR Aleph) 007935051
090 _a8243082
_c8243082
100 _a20130415d1956 |||y0rusy50 ca
101 0 _arus
102 _aRU
105 _ay z |||||
200 1 _aПрактическое руководство к лабораторным работам по технологии продуктов городских молочных заводов
_fМ-во высш. образ. СССР. Ленингр. технол. ин-т холодильной пром. Кафедра технологии молока и молочных продуктов
210 _aЛенинград
_cБ. и.
_d1956
215 _a[2], 30 с.
_d28
300 _aСтеклогр.
700 1 _aПаткуль
_bГ. М.
_gГалина Михайловна
801 0 _aRU
_bNLR
_gpsbo
801 1 _aRU
_bELAR
_2rusmarc
852 _aNLR
_j57-8/347
942 _cBOOK
980 _aNB